Learning .Net 3.0 : (Record no. 42044)

MARC details
000 -LEADER
fixed length control field 00796nam a22002057a 4500
005 - DATE AND TIME OF LATEST TRANSACTION
control field 2010081609229.0
010 ## - LCCN (DPL NO)
LC control number ENG-100238
020 ## - INTERNATIONAL STANDARD BOOK NUMBER
Terms of availability 1875.00
035 ## - SYSTEM CONTROL NUMBER
System control number ENG-83770
037 ## - SOURCE OF ACQUISITION
Source of stock number/acquisition DBAD/PUB
082 ## - DEWEY DECIMAL CLASSIFICATION NUMBER
Classification number 005.133
100 ## - MAIN ENTRY--PERSONAL NAME
Personal name Tambade, Ravi
245 ## - TITLE STATEMENT
Title Learning .Net 3.0 :
Remainder of title C# programming /
Statement of responsibility, etc by Ravi Tambade
260 ## - PUBLICATION, DISTRIBUTION, ETC. (IMPRINT)
Place of publication, distribution, etc Maharashtra
Name of publisher, distributor, etc Avani Publications
Date of publication, distribution, etc 2008
270 ## - ADDRESS
Address Flat No.2, Ground Floor, Radhakrihna Apts., Prabhat Road, Lane No. 10, Erandawana Pune
City Maharashtra
Postal code 411004
300 ## - PHYSICAL DESCRIPTION
Extent 488p.:
Other physical details ill.
Dimensions 29cm (pbk)
650 ## - SUBJECT ADDED ENTRY--TOPICAL TERM
Topical term or geographic name as entry element Computer Programming Language
942 ## - ADDED ENTRY ELEMENTS (KOHA)
Source of classification or shelving scheme Dewey Decimal Classification
Item type English Books
Classification part 005.133
Call number suffix TAM
Holdings
Withdrawn status Lost status Not for loan Collection code Home library Current library Date acquired Source of acquisition Cost, normal purchase price Full call number Barcode Copy number Cost, replacement price Koha item type
    Not For Loan Non-fiction D.B.Act.Division D.B.Act.Division 16/08/2010 DBAD/PUB 1875.00 005.133 TAM EN-83770 1 1875.00 English Books

© Delhi Public Library
Hit Counter
free hit counter